Catalog

Record Details

Catalog Search



Raiders of the Western & Atlantic : a western story  Cover Image Book Book

Raiders of the Western & Atlantic : a western story / by Tim Champlin.

Record details

  • ISBN: 0786235381
  • ISBN: 0843953047
  • Physical Description: 244 pages ; 23 cm.
  • Publisher: Waterville, Me. : Five Star, 2002.
Subject: Georgia > History > Civil War, 1861-1865 > Fiction.
Western and Atlantic Railroad Company > Fiction.
Chattanooga Railroad Expedition, 1862 > Fiction.
General (Locomotive) > Fiction.
Genre: Western stories.

Available copies

  • 1 of 1 copy available at scottsboropl.

Holds

  • 0 current holds with 1 total copy.
Show Only Available Copies
Location Call Number / Copy Notes Barcode Shelving Location Status Due Date
scottsboropl F Cha 32269000667843 Adult - Fiction Available -

LDR 00944cam a2200265 a 4500
001126600
003CONS
00520140703073303.0
008010713s2002 meu e 000 1 eng
010 . ‡a 2002026603
020 . ‡a0786235381
020 . ‡a0843953047
035 . ‡a(CPomAG)LMN494219
08200. ‡a813/.54 ‡221
1001 . ‡aChamplin, Tim, ‡d1937-
24510. ‡aRaiders of the Western & Atlantic : ‡ba western story / ‡cby Tim Champlin.
260 . ‡aWaterville, Me. : ‡bFive Star, ‡c2002.
300 . ‡a244 pages ; ‡c23 cm.
651 0. ‡aGeorgia ‡xHistory ‡yCivil War, 1861-1865 ‡vFiction.
61020. ‡aWestern and Atlantic Railroad Company ‡vFiction.
650 0. ‡aChattanooga Railroad Expedition, 1862 ‡vFiction.
61020. ‡aGeneral (Locomotive) ‡vFiction.
655 7. ‡aWestern stories. ‡2gsafd
959 . ‡i32269000667843 ‡lF Cha ‡aAdult - Fiction ‡tFiction ‡g26.00
852 . ‡p32269000667843 ‡jF Cha ‡gAdult - Fiction ‡cFiction ‡y26.00 ‡bSBPL
901 . ‡a126600 ‡bUnknown ‡c126600 ‡tbiblio

Additional Resources